[Event "Challenge"]
[Site "http://www.queenalice.com/game.php?id=1535889"]
[Date "2018.7.23"]
[Round "-"]
[White "sunking1"]
[Black "WY_Grampy"]
[Result "0-1"]
[WhiteElo "1337"]
[BlackElo "1500"]

1. e4 c5 2. e5 Nc6 3. f4 d6 4. Bb5 Bd7 5. a4 a6 6. Bc4 dxe5 7. d3 Qc7 8. Nf3
exf4 9. a5 e6 10. Nc3 Nf6 11. Qe2 Bd6 12. Na4 Qxa5+ 13. c3 b5 14. Bxb5 axb5 15.
Qc2 bxa4 16. Rxa4 Qxa4 17. Qxa4 Rxa4 18. g3 fxg3 19. hxg3 Bxg3+ 20. Ke2 h5 21.
Rg1 h4 22. Rh1 h3 23. Bg5 Ra2 24. Rb1 h2 25. Bxf6 Rxb2+ 26. Rxb2 h1=Q 27. Ra2
Qg2+ 28. Ke3 Qxa2 29. Bxg7 Qf2+ 30. Ke4 Qe2# 0-1

[Event "Challenge"]
[Site "http://www.queenalice.com/game.php?id=1535891"]
[Date "2018.7.23"]
[Round "-"]
[White "sunking1"]
[Black "datmyhorsie"]
[Result "1-0"]
[WhiteElo "1315"]
[BlackElo "1473"]

1. e4 e5 2. Nf3 Nc6 3. d4 exd4 4. e5 Bb4+ 5. c3 dxc3 6. bxc3 Bc5 7. Bg5 f6 8.
Qe2 fxg5 9. Nbd2 h6 10. Nc4 Qe7 11. g3 d6 12. Rd1 Be6 13. Qe4 d5 14. Qg6+ Bf7
15. Qxg7 1-0

[Event "Challenge"]
[Site "http://www.queenalice.com/game.php?id=1540012"]
[Date "2018.8.24"]
[Round "-"]
[White "sunking1"]
[Black "jenyasm"]
[Result "0-1"]
[WhiteElo "1337"]
[BlackElo "1492"]

1. g3 e5 2. Bg2 d5 3. Nf3 e4 4. Nd4 c6 5. e3 Bc5 6. Nc3 Nf6 7. Na4 Bxd4 8. exd4
Bg4 9. f3 exf3 10. Bxf3 Bxf3 11. Qxf3 O-O 12. d3 Nbd7 13. Be3 b5 14. Nc5 Nxc5
15. dxc5 a5 16. Bg5 h6 0-1

[Event "Challenge"]
[Site "http://www.queenalice.com/game.php?id=1556894"]
[Date "2019.1.16"]
[Round "-"]
[White "sunking1"]
[Black "dejami"]
[Result "0-1"]
[WhiteElo "1350"]
[BlackElo "1724"]

1. d4 e6 2. e4 Nf6 3. e5 Nd5 4. c3 Be7 5. Be2 Bf8 6. Bd2 a6 7. Nf3 h6 8. h3 Ne7
9. Nh4 Nd5 10. g3 Nc6 11. f4 Be7 12. Be3 Nxe3 13. Qd3 Nd5 14. Nd2 Bxh4 15. gxh4
Qxh4+ 16. Kd1 Nxf4 17. Qe4 d5 18. Qc2 Ne7 19. Qa4+ Bd7 20. Qb4 b5 21. Rh2 Nf5
22. Bg4 Ne3+ 23. Kc1 Qe1+ 24. Bd1 Qxd1# 0-1

[Event "Challenge"]
[Site "http://www.queenalice.com/game.php?id=1556895"]
[Date "2019.1.16"]
[Round "-"]
[White "dejami"]
[Black "sunking1"]
[Result "1-0"]
[WhiteElo "1734"]
[BlackElo "1348"]

1. e4 e5 2. Bc4 Nh6 3. d3 Nc6 4. c3 d5 5. Bb3 Bg4 6. f3 Be6 7. Ba4 d4 8. c4 Bb4+
9. Kf1 O-O 10. Qe2 g5 11. h4 f6 12. hxg5 Nf7 13. a3 Bc5 14. g6 hxg6 15. g4 Ng5
16. Bxg5 fxg5 17. Qh2 Kf7 18. Qh7+ Ke8 19. Rh6 Bf7 20. Nh3 Be7 21. Bxc6+ bxc6
22. Qg7 Rg8 23. Qxe5 Qd6 24. Qxd6 Bxd6 25. Rh7 Rf8 26. Nxg5 1-0

[Event "Challenge"]
[Site "http://www.queenalice.com/game.php?id=1562655"]
[Date "2019.3.1"]
[Round "-"]
[White "sunking1"]
[Black "dejami"]
[Result "0-1"]
[WhiteElo "1360"]
[BlackElo "1811"]

1. g3 c6 2. Bg2 Nf6 3. Nf3 Qb6 4. d4 h6 5. c3 d5 6. O-O Na6 7. e3 Nh7 8. Ne5 Nf6
9. Nd2 Ng8 10. Qf3 Nf6 11. a3 Nb8 12. Qf4 g5 13. Qf3 h5 14. h4 g4 15. Qf4 Bh6
16. Qxf6 exf6 17. Nb3 Qxb3 18. Nd3 Na6 19. f4 Bf5 20. e4 dxe4 21. Nc5 Nxc5 22.
dxc5 O-O 23. a4 Qc4 24. Bd2 Qxc5+ 25. Rf2 e3 26. Bxe3 Qe7 27. b4 Qxe3 28. Ra2
Qxg3 29. a5 Rae8 30. Rae2 Bxf4 31. a6 b6 32. c4 Rxe2 33. Rxe2 Qh2+ 34. Kf2 Qxh4+
35. Kf1 Bd3 0-1

[Event "Challenge"]
[Site "http://www.queenalice.com/game.php?id=1562656"]
[Date "2019.3.1"]
[Round "-"]
[White "dejami"]
[Black "sunking1"]
[Result "1-0"]
[WhiteElo "1809"]
[BlackElo "1362"]

1. e4 e5 2. Bc4 Nh6 3. d3 Nc6 4. c3 d6 5. Qf3 f6 6. Bxh6 Na5 7. Be3 b6 8. b4 Nc6
9. Bg5 Be7 10. Bd5 Bb7 11. Be3 a5 12. b5 Na7 13. Bxb7 Rb8 14. Bd5 Nxb5 15. Bc6+
Kf8 16. Bxb5 Qc8 17. Bc6 Qa6 18. c4 a4 19. a3 Qa5+ 20. Bd2 Qc5 21. Bd5 Qd4 22.
Bc3 Qc5 23. Ra2 h6 24. Qf5 b5 25. Qe6 Ke8 26. Bb4 Qd4 27. Ke2 c5 28. Ba5 Qxd5
29. cxd5 c4 30. Rc2 Ra8 31. Bb4 Ra6 32. Qc8+ Bd8 33. Qxa6 Be7 34. Qc8+ Bd8 35.
Bxd6 g5 36. Qe6+ 1-0

[Event "Challenge"]
[Site "http://www.queenalice.com/game.php?id=1564174"]
[Date "2019.3.13"]
[Round "-"]
[White "eduardocosta"]
[Black "sunking1"]
[Result "1-0"]
[WhiteElo "1713"]
[BlackElo "1358"]

1. e3 e5 2. Nf3 Nc6 3. Bb5 Nb4 4. Nxe5 c6 5. Be2 Nh6 6. a3 Nd5 7. d4 d6 8. Nf3
f5 9. c4 Nb6 10. O-O f4 11. exf4 Ng4 12. Ng5 Nh6 13. Bh5+ g6 14. Be2 d5 15. c5
Nd7 16. Re1 Nf6 17. Bg4+ Be7 18. Bxc8 Rxc8 19. b4 Qd7 20. Nc3 Nhg4 21. Nf3 Ne4
22. Ne5 Qf5 23. Nxe4 dxe4 24. Qxg4 Rd8 25. Qxf5 gxf5 26. Be3 Bh4 27. Nc4 Bf6 28.
Nd6+ Ke7 29. Nxb7 Rb8 30. Na5 h5 31. Nxc6+ Ke6 32. Nxb8 Rxb8 33. Reb1 Kd5 34. a4
a5 35. b5 Bxd4 36. Bxd4 Kxd4 37. c6 e3 38. fxe3+ Kxe3 39. g3 Kf3 40. b6 Rg8 41.
c7 Kg4 42. Rb5 h4 43. Rxa5 hxg3 44. hxg3 Rf8 45. b7 Kxg3 46. b8=Q 1-0

[Event "Challenge"]
[Site "http://www.queenalice.com/game.php?id=1570020"]
[Date "2019.5.6"]
[Round "-"]
[White "eduardocosta"]
[Black "sunking1"]
[Result "1-0"]
[WhiteElo "1678"]
[BlackElo "1356"]

1. e3 g6 2. Be2 Bg7 3. Bf3 c6 4. d4 d5 5. b3 f5 6. c4 Be6 7. cxd5 cxd5 8. Nh3
Nf6 9. O-O Nc6 10. Nf4 Qd6 11. Nc3 Bh6 12. Nb5 Qd7 13. Nxe6 Qxe6 14. Nc7+ Kd7
15. Nxe6 Kxe6 16. Bd2 Kf7 17. a4 e6 18. b4 a5 19. b5 Nb4 20. Bxb4 axb4 21. Qb3
Bf8 22. Rfc1 Bd6 23. a5 b6 24. axb6 Rab8 25. Ra7+ Be7 26. Rcc7 Rxb6 27. Rxe7+
1-0

[Event "Challenge"]
[Site "http://www.queenalice.com/game.php?id=1570021"]
[Date "2019.5.6"]
[Round "-"]
[White "eduardocosta"]
[Black "sunking1"]
[Result "1-0"]
[WhiteElo "1681"]
[BlackElo "1353"]

1. e3 b6 2. Be2 Bb7 3. Bf3 c6 4. b3 d5 5. Bb2 f6 6. c4 e6 7. cxd5 cxd5 8. d4 Nc6
9. Nh3 Bb4+ 10. Bc3 Qd6 11. O-O Nh6 12. a3 Ba6 13. Bxb4 Nxb4 14. axb4 Qxb4 15.
Re1 Rc8 16. Rxa6 Rc7 17. Nf4 Ke7 18. Nd2 g5 19. Nd3 Qc3 20. Nb1 Qc6 21. b4 g4
22. Be2 Nf5 23. Nb2 Qd6 24. b5 g3 25. fxg3 Nxg3 26. hxg3 Qxg3 27. Bf3 h5 28.
Bxh5 f5 29. Nd3 e5 30. Nxe5 Qxe5 31. dxe5 Ke6 32. Nd2 Rg8 33. Qa4 Kxe5 34. Nf3+
Ke6 35. Nd4+ Ke5 36. Nc6+ Ke6 37. Rxa7 Rgg7 38. Rxc7 Rxc7 39. Qa6 Kd6 40. Qxb6
1-0

[Event "Challenge"]
[Site "http://www.queenalice.com/game.php?id=1573206"]
[Date "2019.6.3"]
[Round "-"]
[White "sunking1"]
[Black "mikew"]
[Result "0-1"]
[WhiteElo "1350"]
[BlackElo "1269"]

1. g3 e5 2. Bg2 d5 3. d4 Bb4+ 4. c3 Ba5 5. b4 Bb6 6. e3 Nf6 7. Nf3 O-O 8. Nxe5
a5 9. Qf3 axb4 10. O-O bxc3 11. Nxc3 Be6 12. Ba3 Rxa3 13. Nb5 Ra5 14. Nc3 Nbd7
15. Qf4 Nxe5 16. dxe5 Ng4 17. h4 c6 18. Qg5 f6 19. Qh5 Nxe5 20. f4 Bg4 21. Qxg4
Nxg4 22. Nd1 Nxe3 23. Nxe3 Bxe3+ 24. Kh2 Qa8 25. Rfe1 Bd4 26. Rab1 Rxa2 27. Rbd1
Bf2 28. Rf1 Qa7 29. Kh3 Qa3 30. Kg4 Qxg3+ 31. Kf5 Qxg2 0-1

[Event "Challenge"]
[Site "http://www.queenalice.com/game.php?id=1574601"]
[Date "2019.6.16"]
[Round "-"]
[White "eduardocosta"]
[Black "sunking1"]
[Result "1-0"]
[WhiteElo "1675"]
[BlackElo "1314"]

1. e3 d5 2. Nf3 Bg4 3. Be2 Nc6 4. b3 h5 5. Bb2 f6 6. c4 e6 7. O-O Bd6 8. cxd5
exd5 9. Nc3 Nh6 10. Nxd5 Rc8 11. Nc3 Bxf3 12. Bxf3 Ne5 13. Bxb7 Rb8 14. Ba6 Neg4
15. h3 Nh2 16. Qxh5+ Ke7 17. Rfd1 N6g4 18. Qd5 Nxf2 19. Kxf2 Rb6 20. Qe4+ Be5
21. Bc4 Qd6 22. Nd5+ Ke6 23. Nxb6+ Ke7 24. Nd5+ Kd7 25. Bxe5 fxe5 26. Rh1 Nf3
27. Qxf3 Rf8 28. Nf4 exf4 29. Qg4+ Kc6 30. Ke2 fxe3 31. dxe3 g6 32. Qe4+ Kd7 33.
Rhd1 Re8 34. Rxd6+ cxd6 35. Bb5+ Kd8 36. Qxe8+ Kc7 37. Qd7+ Kb6 38. Qc6+ Ka5 39.
Bc4 Kb4 40. Qxd6+ 1-0

[Event "Challenge"]
[Site "http://www.queenalice.com/game.php?id=1574738"]
[Date "2019.6.17"]
[Round "-"]
[White "eduardocosta"]
[Black "sunking1"]
[Result "1-0"]
[WhiteElo "1685"]
[BlackElo "1312"]

1. e3 e5 2. Nf3 e4 3. Nd4 d5 4. Be2 f5 5. b3 g6 6. c3 c6 7. Bb2 Bg7 8. Nc2 Ne7
9. d4 a6 10. c4 Rg8 11. c5 b5 12. a4 Bf6 13. axb5 cxb5 14. b4 Nbc6 15. Bxb5 Bd7
16. Rxa6 Rxa6 17. Bxa6 Qb8 18. b5 Na5 19. c6 Bxc6 20. Bc3 Nb3 21. bxc6 Nxc6 22.
O-O Nba5 23. Qe1 h5 24. Bxa5 Qa8 25. Qe2 Nxa5 26. Bb5+ Ke7 27. Nc3 h4 28. Nb4
Nb3 29. Bc6 Qb8 30. Ncxd5+ Ke6 31. Qc4 Nd2 32. Nf4+ Ke7 33. Qc5+ Kd8 34. Rd1 Nb3
35. Qd5+ Kc7 36. Na6+ Kb6 37. Nxb8 Rxb8 38. Nxg6 Bxd4 39. exd4 Na5 40. Qb5+ Kc7
41. Qxa5+ Kd6 42. d5 1-0

[Event "Challenge"]
[Site "http://www.queenalice.com/game.php?id=1575893"]
[Date "2019.6.30"]
[Round "-"]
[White "eduardocosta"]
[Black "sunking1"]
[Result "1-0"]
[WhiteElo "1697"]
[BlackElo "1310"]

1. e3 e5 2. Nf3 e4 3. Nd4 d5 4. b3 Bd7 5. c4 c6 6. Ne2 Bg4 7. h3 Bh5 8. cxd5
Qxd5 9. Bb2 f6 10. Qc2 Bb4 11. Nf4 Qc5 12. Qxe4+ Ne7 13. Bc4 Bg6 14. Nxg6 hxg6
15. O-O f5 16. Qe5 Nd7 17. Qxg7 Rf8 18. a3 Ba5 19. Be6 Bc7 20. Bd4 Qd6 21. f4
Qxe6 22. Nc3 Qxb3 23. a4 Qc2 24. Rfd1 Qe4 25. Nxe4 Bb6 26. Nd6+ Kd8 27. Bxb6+
axb6 28. Nxb7+ Ke8 29. Nd6+ Kd8 30. Rdb1 Rb8 31. Rb2 c5 32. a5 Ra8 33. Rba2 Kc7
34. Nb5+ Kb7 35. Qxe7 Rfd8 36. axb6 Kxb6 37. Nc3 Nf8 38. Qf6+ 1-0

[Event "Challenge"]
[Site "http://www.queenalice.com/game.php?id=1578550"]
[Date "2019.7.26"]
[Round "-"]
[White "jbugg"]
[Black "sunking1"]
[Result "1-0"]
[WhiteElo "1330"]
[BlackElo "1308"]

1. e4 e5 2. Nf3 Nc6 3. Bc4 Nf6 4. d3 d5 5. Bb5 d4 6. Nxe5 Bd7 7. Bf4 Na5 8. b4
Bxb5 9. c3 Nc6 10. Qb3 Bxd3 11. Nxd3 b6 12. e5 Ng4 13. O-O Be7 14. h3 Qd7 15.
Qd1 h5 16. b5 Na5 17. hxg4 Qxg4 18. Qe1 1-0

[Event "Challenge"]
[Site "http://www.queenalice.com/game.php?id=1579007"]
[Date "2019.7.31"]
[Round "-"]
[White "eduardocosta"]
[Black "sunking1"]
[Result "1-0"]
[WhiteElo "1718"]
[BlackElo "1293"]

1. e3 d5 2. Ne2 e5 3. b3 e4 4. Bb2 Nh6 5. Nf4 f6 6. Nc3 c6 7. d3 Bd7 8. dxe4 Bb4
9. a3 Ba5 10. b4 Bb6 11. Qh5+ Nf7 12. Qd1 g5 13. Nfe2 Nh6 14. exd5 Bg4 15. dxc6
Nxc6 16. Qc1 Ne5 17. Nb5 1-0

[Event "Challenge"]
[Site "http://www.queenalice.com/game.php?id=1581176"]
[Date "2019.8.23"]
[Round "-"]
[White "sunking1"]
[Black "schuch97"]
[Result "0-1"]
[WhiteElo "1293"]
[BlackElo "1525"]

1. g3 e5 2. Bg2 d5 3. e4 d4 4. d3 Be6 5. Nf3 Bd6 6. Bd2 Nc6 7. Ng5 Qe7 8. Qh5
Bb4 9. Bh3 Bxd2+ 10. Nxd2 Nb4 0-1